El libro de la selva : 40° aniversario : [características especiales] /

I tiakina i:
Ngā taipitopito rārangi puna kōrero
Hōputu: Reti
Reo:Pāniora
Putanga:Edición del 40° aniversario
Rangatū:(Walt Disney Los Clásicos)
(Edición Platino Disney)
Ngā marau:
Ngā Tūtohu: Tāpirihia he Tūtohu
Kāore He Tūtohu, Me noho koe te mea tuatahi ki te tūtohu i tēnei pūkete!

MARC

LEADER 00000ngm^a2200000^a^4500
001 000297994
005 20251020000000.0
009 20260310112355.05
037 |a Acervo ITESO - Biblioteca 
041 |a ESP 
082 |a 808. 899282  |b DIS 1967 V. 2 
240 1 4 |a [El libro de la selva] 
240 1 4 |a [El libro de la selva: 40° aniversario] 
245 0 3 |a El libro de la selva :  |b 40° aniversario : [características especiales] / 
250 |a Edición del 40° aniversario 
264 2 |a México :  |b Walt Disney [distribución],  |c copyright fecha no identificada 
300 |a 1 DVD regiones 1 y 4 (103 min.) :  |b color +  |e 1 lámina 
336 |a imagen móvil bidimensional  |b tdi  |2 rdacontenido 
337 |a video  |b v  |2 rdamedio 
338 |a videodisco  |b vd  |2 rdasoporte 
440 1 |a (Walt Disney Los Clásicos) 
440 1 |a (Edición Platino Disney) 
546 |a En español, con subtítulos opcionales: español, portugués 
546 |a Doblaje opcional: portugués 
649 |a XX 
650 |a Productores (Medios de Comunicación) -  |z EUA 
650 |a Películas Infantiles -  |z EUA -  |x Historia y Crítica -  |x Tema Principal 
650 |a Películas Musicales -  |z EUA -  |x Historia y Crítica 
650 |a Cine de Animación -  |z EUA -  |x Historia y Crítica 
650 |a Cine Fantástico -  |z EUA -  |x Historia y Crítica 
650 |a Cine Norteamericano -  |x Historia y Crítica 
650 |a Cine Norteamericano -  |y 1960-1969 
650 |a Cine Norteamericano -  |y Siglo XX 
650 |a Disney, Walt -  |x Tema Principal 
910 |a Fondo General 
920 |a Audiovisuales - DVDs 
940 |a Películas 
905 |a 308 
901 |a 0500093702  |b IT2  |c DVR  |i C116030  |u 20250521 
901 |a 0500240293  |b IT2  |c MIN  |u 20251020 
902 |a https://opac.biblio.iteso.mx/vufind/Record/000297994